Online
Catalog

Cintio Vitier : (Record no. 3230)

MARC details
000 -CABECERA
campo de control de longitud fija 00693cam a2200193 a 4500
001 - NÚMERO DE CONTROL
campo de control 000003400
005 - FECHA Y HORA DE LA ÚLTIMA TRANSACCIÓN
campo de control 20200929150429.0
008 - DATOS DE LONGITUD FIJA--INFORMACIÓN GENERAL
campo de control de longitud fija 870422s1987 pr a b 001 0dspa
040 ## - FUENTE DE LA CATALOGACIÓN
Centro catalogador/agencia de origen DO-SdBNP
Lengua de catalogación spa
Centro/agencia transcriptor BNPHU
082 ## - NÚMERO DE LA CLASIFICACIÓN DECIMAL DEWEY
Número de clasificación C860.4
Número de documento/Ítem C575D
100 1# - ENTRADA PRINCIPAL--NOMBRE DE PERSONA
Nombre de persona Díaz Quiñones, Arcadio
9 (RLIN) 10597
245 10 - MENCIÓN DE TÍTULO
Título Cintio Vitier :
Resto del título la memoria integradora /
Mención de responsabilidad, etc. Arcadio Díaz Quinones.
260 ## - PUBLICACIÓN, DISTRIBUCIÓN, ETC.
Lugar de publicación, distribución, etc. San Juan, Puerto Rico :
Nombre del editor, distribuidor, etc. Sin Nombre,
Fecha de publicación, distribución, etc. 1987.
300 ## - DESCRIPCIÓN FÍSICA
Extensión 167 p. :
Otras características físicas il. ;
Dimensiones 20 cm.
500 ## - NOTA GENERAL
Nota general "Conversaciones con Cintio Vitier, 1979-1980": p. 83-167.
504 ## - NOTA DE BIBLIOGRAFÍA, ETC.
Nota de bibliografía, etc. Bibliografía: p. 75-81.
600 10 - PUNTO DE ACCESO ADICIONAL DE MATERIA--NOMBRE DE PERSONA
Nombre de persona VITIER, CINTIO,
Fechas asociadas al nombre 1921-
Subdivisión general CRÍTICA E INTERPRETACIÓN
9 (RLIN) 10598
650 #0 - PUNTO DE ACCESO ADICIONAL DE MATERIA--TÉRMINO DE MATERIA
Término de materia o nombre geográfico como elemento de entrada Autores cubanos
Subdivisión cronológica SIGLO XX
9 (RLIN) 10599
Holdings
Estado de retiro Estado de pérdida Restricciones de uso No para préstamo Código de colección Localización permanente Ubicación/localización actual Ubicación en estantería Fecha de adquisición Número de inventario Total de préstamos Signatura topográfica completa Código de barras Fecha visto por última vez Precio válido a partir de Tipo de ítem Koha Número de copia
    Préstamo interno   Monografías: Libros y Folletos General General Depósito 08.07.2009 LF1   C860.4 C575D 3400-10 25.06.2020 25.06.2020 Préstamo interno  
    Préstamo restringido Préstamo restrigido Monografías: Libros y Folletos General General Depósito 08.07.2009 LF1   C860.4 C575D 3400-20 25.06.2020 25.06.2020 Préstamo interno e.2

Powered by Koha